| 000 | 01153nam a22002417a 4500 | ||
|---|---|---|---|
| 999 |
_c63049 _d63049 |
||
| 003 | Ge_BSU | ||
| 005 | 20250523170615.0 | ||
| 008 | 250523s2021 ge ||||| |||| 00| 0 geo d | ||
| 020 | _a9789941308581 | ||
| 041 | _ageo | ||
| 080 | _a123 : 340.1 ი-39 | ||
| 100 |
_aიზორია, ლევან _97856 |
||
| 245 |
_aთავისუფლება : _b პროცესი სამართლიანობისთვის / _cლევან იზორია ; რედაქტორი მარიამ მანჯგალაძე ; დიზაინერი ია მახათაძე. |
||
| 250 | _aპირველი გამოცემა | ||
| 264 |
_aთბილისი, _c2021. |
||
| 300 |
_a206 გვ. ; _b 22 სმ. |
||
| 504 | _aბიბლიოგრაფია: გვ. 199-206. | ||
| 653 | _aთავისუფლება | ||
| 653 | _aსამართალი | ||
| 700 |
_aმანჯგალაძე, მარიამ _eრედაქტორი _92130 |
||
| 700 |
_aმახათაძე, ია _eდიზაინერი _95299 |
||
| 942 |
_2udc _cᲬᲘᲒᲜᲘ |
||